Central Library OPAC University of Rajshahi

মায়ার খেলা / (Record no. 50195)

MARC details
000 -LEADER
fixed length control field 00913nam a2200253 a 4500
001 - CONTROL NUMBER
control field 50195
003 - CONTROL NUMBER IDENTIFIER
rucl marc code BD-RjUL
005 - DATE AND TIME OF LATEST TRANSACTION
control field 20211209075455.0
008 - FIXED-LENGTH DATA ELEMENTS--GENERAL INFORMATION
fixed length control field 160824r20061972bg ||||| |||| 00| 0 eng d
020 ## - INTERNATIONAL STANDARD BOOK NUMBER
International Standard Book Number 8175221356(V.48)
International Standard Book Number 817522021X(set)
035 ## - SYSTEM CONTROL NUMBER
System control number (BD-RjUL)50315
040 ## - CATALOGING SOURCE
Original cataloging agency BD-RjUL
Language of cataloging ben
Transcribing agency BD-RjUL
041 ## - LANGUAGE CODE
Language code of text/sound track or separate title ben
082 ## - DEWEY DECIMAL CLASSIFICATION NUMBER
Edition number 23
Classification number 781.1
Author mark and year TAM 2006
100 1# - MAIN ENTRY--PERSONAL NAME
Personal name ঠাকুর, রবীন্দ্রনাথ
9 (RLIN) 150467
245 10 - TITLE STATEMENT
Title মায়ার খেলা /
Statement of responsibility, etc. রবীন্দ্রনাথ ঠাকুর
260 ## - PUBLICATION, DISTRIBUTION, ETC. (IMPRINT)
Place of publication, distribution, etc. কলকাতা :
Name of publisher, distributor, etc. বিশ্বভারতী গ্রন্থবিভগ;
Date of publication, distribution, etc. 2006.
300 ## - PHYSICAL DESCRIPTION
Pagination ১৭১ পৃ ;
Size ২৭ সেমি
490 ## - SERIES STATEMENT
Series statement স্বরবিতান ৪৮ সিরিজ
650 ## - SUBJECT ADDED ENTRY--TOPICAL TERM
Topical term or geographic name as entry element সঙ্গীত মূলনীতি
9 (RLIN) 150468
Topical term or geographic name as entry element Basic Principles of Music
9 (RLIN) 150469
942 ## - ADDED ENTRY ELEMENTS (KOHA)
Source of classification or shelving scheme Dewey Decimal Classification
Koha item type Books
Holdings
Lost status Source of classification or shelving scheme Damaged status Not for loan Collection code Permanent Location Current Location Shelving location Date acquired Source of acquisition Cost, normal purchase price Total Checkouts Full call number Date last seen Copy number Koha item type
  Dewey Decimal Classification     Non-fiction Central Library, University of Rajshahi Central Library, University of Rajshahi   24/08/2016 Paragon Enterprise Lit., Dhaka 3451.00   B 781.1 TAM 2006 24/08/2016 C-2 Books